000 00252nam a2200097Ia 4500
008 220204s9999 xx 000 0 und d
100 _aHaribabu Kamsal
245 0 _aKaaryalay praveenatha (Hindi)
260 _aNew Delhi
_bBasanth Vihar
_c2001
942 _cBK
999 _c44012
_d44012